| 000 | 00486nam a22001697a 4500 | ||
|---|---|---|---|
| 003 | OSt | ||
| 005 | 20250820023646.0 | ||
| 008 | 250820b |||||||| |||| 00| 0 eng d | ||
| 020 | _a978-0-7148-4531-9. | ||
| 040 |
_aDWCL MAIN LIB _cOC |
||
| 082 | _aCirc. 641.5945 S587 2005 | ||
| 245 | _aThe silver spoon | ||
| 260 |
_aNew York : _b Phaildon Press, _cc2005. |
||
| 300 |
_a1,263 pages : _bcolored illustrations ; _c28cm. |
||
| 504 | _aIncludes index. | ||
| 942 |
_2ddc _cBK-CIRC _kCirc. _n0 |
||
| 999 |
_c4097 _d4097 |
||